000 00266nmm a2200085Ia 4500
008 220120s9999||||xx |||||||||||||||||und||
100 _aDIGIT July 2010
245 0 _aDriver collection, auto CAD and tutorials, 5 video lecterer,
260 _aNine dot nine interactive ltd.
999 _c139493
_d139493